Witamy w Bibliotece Naukowej Instytutu Łączności!

Avtomatizacija processov poiska informacii / (Rekord nr 15354)

000 -LEADER
fixed length control field 00264 a2200085 4500
100 1# - MAIN ENTRY--PERSONAL NAME
Personal name Kuznecov, O.A..
Relator term Autor
245 0# - TITLE STATEMENT
Title Avtomatizacija processov poiska informacii /
Statement of responsibility, etc Kuznecov O.A..
260 ## - PUBLICATION, DISTRIBUTION, ETC. (IMPRINT)
Place of publication, distribution, etc Moskva :
Name of publisher, distributor, etc Energija,
Date of publication, distribution, etc 1972.
300 ## - PHYSICAL DESCRIPTION
Extent 192 s.;
Dimensions 23 cm.
710 2# - ADDED ENTRY--CORPORATE NAME
Corporate name or jurisdiction name as entry element Energija.
Relator term Wydawca
Relator code pbl

Brak dostępnych egzemplarzy.

Działa dzięki Koha